[Event "European Women's Championship"]
[Site "Vysoke Tatry"]
[Date "2018.04.13"]
[Round "6"]
[White "Bulmaga, Irina"]
[Black "Savina, Anastasia"]
[Result "1-0"]
[Board "13"]
[WhiteElo "2414"]
[WhiteTitle "IM"]
[WhiteCountry "ROU"]
[WhiteFideId "13903063"]
[WhiteEloChange "4"]
[BlackElo "2358"]
[BlackTitle "IM"]
[BlackCountry "RUS"]
[BlackFideId "4196872"]
[BlackEloChange "-8"]

1. e4 {[%clk 1:30:57]} e5 {[%clk 1:28:34]} 2. Nf3 {[%clk 1:31:18]} Nc6 {[%clk
1:28:11]} 3. Bb5 {[%clk 1:31:38]} a6 {[%clk 1:28:30]} 4. Ba4 {[%clk 1:32:00]} Nf6
{[%clk 1:28:56]} 5. O-O {[%clk 1:32:20]} Be7 {[%clk 1:29:05]} 6. Re1 {[%clk
1:32:35]} b5 {[%clk 1:29:22]} 7. Bb3 {[%clk 1:32:58]} d6 {[%clk 1:29:37]} 8. c3
{[%clk 1:33:18]} O-O {[%clk 1:30:02]} 9. h3 {[%clk 1:33:41]} Nb8 {[%clk 1:29:58]}
10. d4 {[%clk 1:33:54]} Nbd7 {[%clk 1:30:23]} 11. Nbd2 {[%clk 1:33:58]} Bb7
{[%clk 1:30:44]} 12. Bc2 {[%clk 1:34:10]} Re8 {[%clk 1:30:52]} 13. a4 {[%clk
1:34:03]} Bf8 {[%clk 1:30:16]} 14. Bd3 {[%clk 1:34:12]} c6 {[%clk 1:28:32]} 15.
b3 {[%clk 1:34:26]} g6 {[%clk 1:25:06]} 16. Bb2 {[%clk 1:34:29]} Bg7 {[%clk
1:21:08]} 17. axb5 {[%clk 1:32:06]} cxb5 {[%clk 1:15:58]} 18. d5 {[%clk 1:28:27]}
Rc8 {[%clk 1:05:36]} 19. b4 {[%clk 1:18:07]} Nb6 {[%clk 1:01:41]} 20. Rc1 {[%clk
1:03:28]} Bh6 {[%clk 0:51:53]} 21. Rc2 {[%clk 0:57:25]} Nc4 {[%clk 0:41:16]} 22.
Nxc4 {[%clk 0:55:59]} bxc4 {[%clk 0:41:42]} 23. Bf1 {[%clk 0:56:14]} Nd7 {[%clk
0:36:54]} 24. Bc1 {[%clk 0:49:04]} Bxc1 {[%clk 0:36:52]} 25. Qxc1 {[%clk
0:48:44]} Nb6 {[%clk 0:27:24]} 26. Qh6 {[%clk 0:45:54]} f6 {[%clk 0:23:41]} 27.
Nh4 {[%clk 0:35:10]} Rf8 {[%clk 0:12:57]} 28. Re3 {[%clk 0:26:54]} Rc7 {[%clk
0:10:49]} 29. Rg3 {[%clk 0:25:18]} Rff7 {[%clk 0:09:21]} 30. Be2 {[%clk 0:15:06]}
Rg7 {[%clk 0:09:00]} 31. Bg4 {[%clk 0:14:10]} Bc8 {[%clk 0:08:49]} 32. Bxc8
{[%clk 0:09:45]} Nxc8 {[%clk 0:07:56]} 33. Ra2 {[%clk 0:06:06]} Ra7 {[%clk
0:08:22]} 34. Kh2 {[%clk 0:05:43]} Ne7 {[%clk 0:03:58]} 35. f4 {[%clk 0:02:54]}
Kh8 {[%clk 0:00:45]} 36. f5 {[%clk 0:00:55]} Ng8 {[%clk 0:00:38]} 37. Qe3 {[%clk
0:01:08]} g5 {[%clk 0:00:36]} 38. Nf3 {[%clk 0:01:26]} a5 {[%clk 0:00:41]} 39.
Nd2 {[%clk 0:01:21]} Qc7 {[%clk 0:00:36]} 40. Rxa5 {[%clk 0:31:02]} Rxa5 {[%clk
0:30:38]} 41. bxa5 {[%clk 0:31:00]} Qxa5 {[%clk 0:27:03]} 42. Nxc4 {[%clk
0:30:32]} Qa6 {[%clk 0:27:30]} 43. Nd2 {[%clk 0:23:14]} Rb7 {[%clk 0:26:48]} 44.
c4 {[%clk 0:18:53]} Rb2 {[%clk 0:25:46]} 45. Nf3 {[%clk 0:14:35]} h6 {[%clk
0:17:16]} 46. h4 {[%clk 0:13:43]} Qxc4 {[%clk 0:05:58]} 47. hxg5 {[%clk 0:12:50]}
Qb3 {[%clk 0:01:07]} 48. Qxb3 {[%clk 0:11:10]} Rxb3 {[%clk 0:01:35]} 49. Nxe5
{[%clk 0:05:57]} Rxg3 {[%clk 0:02:02]} 50. Kxg3 {[%clk 0:03:25]} fxe5 {[%clk
0:00:36]} 51. f6 {[%clk 0:03:48]} Nxf6 {[%clk 0:00:35]} 52. gxf6 {[%clk 0:04:11]}
Kh7 {[%clk 0:01:02]} 53. Kg4 {[%clk 0:04:07]} Kg6 {[%clk 0:01:27]} 54. f7 {[%clk
0:04:19]} Kxf7 {[%clk 0:00:32]} 55. Kf5 {[%clk 0:04:42]} Kg7 {[%clk 0:00:31]} 56.
Ke6 {[%clk 0:04:58]} 1-0

[Event "European Women's Championship"]
[Site "Vysoke Tatry"]
[Date "2018.04.13"]
[Round "6"]
[White "Nechaeva, Marina"]
[Black "Velikic, Adela"]
[Result "1-0"]
[Board "14"]
[WhiteElo "2413"]
[WhiteTitle "IM"]
[WhiteCountry "RUS"]
[WhiteFideId "4149351"]
[WhiteEloChange "3"]
[BlackElo "2241"]
[BlackTitle "WIM"]
[BlackCountry "SRB"]
[BlackFideId "913553"]
[BlackEloChange "-5"]

1. d4 {[%clk 1:30:57]} d5 {[%clk 1:30:55]} 2. Nf3 {[%clk 1:31:23]} Nf6 {[%clk
1:31:18]} 3. e3 {[%clk 1:31:48]} c6 {[%clk 1:31:26]} 4. c4 {[%clk 1:32:13]} Bf5
{[%clk 1:31:50]} 5. Nc3 {[%clk 1:32:37]} e6 {[%clk 1:32:13]} 6. Nh4 {[%clk
1:33:03]} Be4 {[%clk 1:32:35]} 7. f3 {[%clk 1:33:26]} Bg6 {[%clk 1:32:59]} 8. Qb3
{[%clk 1:33:50]} Qc7 {[%clk 1:33:07]} 9. Nxg6 {[%clk 1:21:09]} hxg6 {[%clk
1:33:29]} 10. g3 {[%clk 1:21:18]} Bd6 {[%clk 1:29:20]} 11. f4 {[%clk 1:21:37]} g5
{[%clk 1:23:42]} 12. Bd2 {[%clk 1:10:57]} gxf4 {[%clk 1:13:01]} 13. gxf4 {[%clk
1:11:20]} Nbd7 {[%clk 1:08:56]} 14. h3 {[%clk 1:09:41]} g5 {[%clk 0:59:56]} 15.
fxg5 {[%clk 1:06:55]} Bg3+ {[%clk 0:58:18]} 16. Kd1 {[%clk 1:07:14]} Ng4 {[%clk
0:54:43]} 17. Rg1 {[%clk 1:05:33]} Nf2+ {[%clk 0:51:46]} 18. Kc2 {[%clk 1:05:49]}
Nxh3 {[%clk 0:42:04]} 19. Rh1 {[%clk 0:40:35]} Bh2 {[%clk 0:38:36]} 20. Bxh3
{[%clk 0:41:00]} Rxh3 {[%clk 0:38:58]} 21. Raf1 {[%clk 0:41:24]} Nb6 {[%clk
0:37:01]} 22. cxd5 {[%clk 0:41:48]} exd5 {[%clk 0:36:50]} 23. Kb1 {[%clk
0:42:11]} O-O-O {[%clk 0:31:18]} 24. Qc2 {[%clk 0:41:02]} Nc4 {[%clk 0:08:30]}
25. Bc1 {[%clk 0:40:13]} Rdh8 {[%clk 0:02:19]} 26. Qf5+ {[%clk 0:30:06]} Kb8
{[%clk 0:02:09]} 27. Qxf7 {[%clk 0:30:25]} Qb6 {[%clk 0:00:36]} 28. Ka1 {[%clk
0:28:44]} a5 {[%clk 0:00:34]} 29. g6 {[%clk 0:28:27]} Nd6 {[%clk 0:00:39]} 30.
Qd7 {[%clk 0:22:54]} Qc7 {[%clk 0:00:40]} 31. Rf8+ {[%clk 0:22:17]} Nc8 {[%clk
0:00:37]} 32. Qxc7+ {[%clk 0:22:20]} Bxc7 {[%clk 0:01:00]} 33. Rxh8 {[%clk
0:22:42]} 1-0

[Event "European Women's Championship"]
[Site "Vysoke Tatry"]
[Date "2018.04.13"]
[Round "6"]
[White "Buksa, Nataliya"]
[Black "Batsiashvili, Nino"]
[Result "0-1"]
[Board "15"]
[WhiteElo "2357"]
[WhiteTitle "WGM"]
[WhiteCountry "UKR"]
[WhiteFideId "14123622"]
[WhiteEloChange "-6"]
[BlackElo "2521"]
[BlackTitle "IM"]
[BlackCountry "GEO"]
[BlackFideId "13602993"]
[BlackEloChange "3"]

1. e4 {[%clk 1:30:58]} e5 {[%clk 1:30:56]} 2. Nf3 {[%clk 1:31:24]} Nc6 {[%clk
1:31:22]} 3. Bc4 {[%clk 1:31:50]} Bc5 {[%clk 1:29:07]} 4. c3 {[%clk 1:31:52]} Nf6
{[%clk 1:28:47]} 5. d3 {[%clk 1:32:13]} a6 {[%clk 1:27:34]} 6. a4 {[%clk
1:29:33]} d6 {[%clk 1:26:44]} 7. Nbd2 {[%clk 1:28:13]} h6 {[%clk 1:20:26]} 8. O-O
{[%clk 1:22:06]} Ba7 {[%clk 1:19:30]} 9. Re1 {[%clk 1:20:29]} g5 {[%clk 1:18:23]}
10. Nf1 {[%clk 1:06:58]} g4 {[%clk 1:17:55]} 11. N3d2 {[%clk 1:07:26]} h5 {[%clk
1:10:57]} 12. Nb3 {[%clk 1:05:42]} g3 {[%clk 1:03:15]} 13. Be3 {[%clk 0:50:25]}
gxf2+ {[%clk 0:42:00]} 14. Bxf2 {[%clk 0:50:45]} Bxf2+ {[%clk 0:42:11]} 15. Kxf2
{[%clk 0:51:14]} Rg8 {[%clk 0:41:06]} 16. h3 {[%clk 0:47:53]} Be6 {[%clk
0:38:15]} 17. Bxe6 {[%clk 0:34:02]} fxe6 {[%clk 0:38:43]} 18. Kg1 {[%clk
0:34:30]} Ne7 {[%clk 0:32:53]} 19. d4 {[%clk 0:34:05]} Ng6 {[%clk 0:33:18]} 20.
dxe5 {[%clk 0:34:17]} Nxe5 {[%clk 0:33:22]} 21. Nd4 {[%clk 0:34:40]} Qd7 {[%clk
0:31:39]} 22. Nf3 {[%clk 0:27:40]} Qg7 {[%clk 0:32:02]} 23. Qe2 {[%clk 0:26:05]}
Nd3 {[%clk 0:30:43]} 24. Ne3 {[%clk 0:20:37]} Nxe1 {[%clk 0:19:42]} 25. Rxe1
{[%clk 0:19:08]} O-O-O {[%clk 0:18:51]} 26. Nd4 {[%clk 0:17:40]} Rde8 {[%clk
0:17:51]} 27. Nc4 {[%clk 0:14:41]} d5 {[%clk 0:13:52]} 28. Nd2 {[%clk 0:14:05]}
Nxe4 {[%clk 0:11:04]} 29. Nxe4 {[%clk 0:14:27]} dxe4 {[%clk 0:11:32]} 30. Qxe4
{[%clk 0:14:25]} Qg6 {[%clk 0:12:00]} 31. Qxg6 {[%clk 0:02:33]} Rxg6 {[%clk
0:12:28]} 32. Nf3 {[%clk 0:03:02]} Rf6 {[%clk 0:09:46]} 33. Ne5 {[%clk 0:02:50]}
Rd8 {[%clk 0:09:21]} 34. Re2 {[%clk 0:03:01]} Rf4 {[%clk 0:08:15]} 35. a5 {[%clk
0:02:57]} Rd5 {[%clk 0:08:24]} 36. b4 {[%clk 0:00:44]} Rf5 {[%clk 0:08:27]} 37.
Nf3 {[%clk 0:01:05]} Kd7 {[%clk 0:08:05]} 38. Re3 {[%clk 0:00:57]} c5 {[%clk
0:07:24]} 39. g4 {[%clk 0:00:35]} hxg4 {[%clk 0:07:49]} 40. hxg4 {[%clk 0:31:02]}
Rf4 {[%clk 0:37:50]} 41. Kf2 {[%clk 0:31:00]} Rxg4 {[%clk 0:34:23]} 42. Ne5+
{[%clk 0:30:19]} Rxe5 {[%clk 0:34:35]} 43. Rxe5 {[%clk 0:30:46]} cxb4 {[%clk
0:35:00]} 0-1

[Event "European Women's Championship"]
[Site "Vysoke Tatry"]
[Date "2018.04.13"]
[Round "6"]
[White "Khotenashvili, Bela"]
[Black "Gara, Ticia"]
[Result "1-0"]
[Board "16"]
[WhiteElo "2484"]
[WhiteTitle "GM"]
[WhiteCountry "GEO"]
[WhiteFideId "13602640"]
[WhiteEloChange "3"]
[BlackElo "2330"]
[BlackTitle "WGM"]
[BlackCountry "HUN"]
[BlackFideId "717444"]
[BlackEloChange "-6"]

1. d4 {[%clk 1:30:57]} d5 {[%clk 1:30:55]} 2. Bf4 {[%clk 1:28:05]} Nf6 {[%clk
1:30:57]} 3. e3 {[%clk 1:27:59]} e6 {[%clk 1:30:09]} 4. Nd2 {[%clk 1:28:02]} c5
{[%clk 1:30:07]} 5. c3 {[%clk 1:28:14]} Nc6 {[%clk 1:30:00]} 6. Ngf3 {[%clk
1:27:40]} cxd4 {[%clk 1:29:26]} 7. exd4 {[%clk 1:27:46]} Nh5 {[%clk 1:29:19]} 8.
Bg3 {[%clk 1:20:10]} Nxg3 {[%clk 1:22:34]} 9. hxg3 {[%clk 1:20:34]} Bd6 {[%clk
1:22:08]} 10. Bd3 {[%clk 1:19:45]} h6 {[%clk 1:19:10]} 11. Qe2 {[%clk 1:11:36]}
Qc7 {[%clk 1:14:39]} 12. O-O {[%clk 1:02:35]} Bd7 {[%clk 1:11:13]} 13. Rfe1
{[%clk 1:02:11]} O-O {[%clk 1:09:05]} 14. Ne5 {[%clk 0:47:00]} Nxe5 {[%clk
0:58:08]} 15. dxe5 {[%clk 0:47:21]} Bc5 {[%clk 0:58:19]} 16. Nf3 {[%clk 0:46:18]}
f6 {[%clk 0:52:18]} 17. Rf1 {[%clk 0:28:52]} f5 {[%clk 0:45:39]} 18. Rad1 {[%clk
0:20:31]} Be8 {[%clk 0:35:15]} 19. Nd4 {[%clk 0:15:25]} Bxd4 {[%clk 0:33:37]} 20.
cxd4 {[%clk 0:15:53]} Rc8 {[%clk 0:32:53]} 21. g4 {[%clk 0:05:08]} Bg6 {[%clk
0:30:56]} 22. Qd2 {[%clk 0:05:12]} Qf7 {[%clk 0:24:42]} 23. gxf5 {[%clk 0:04:39]}
Bxf5 {[%clk 0:25:04]} 24. Bxf5 {[%clk 0:04:54]} Qxf5 {[%clk 0:25:28]} 25. Rc1
{[%clk 0:04:52]} Rxc1 {[%clk 0:17:23]} 26. Rxc1 {[%clk 0:04:58]} Qf4 {[%clk
0:17:24]} 27. Qe3 {[%clk 0:02:14]} Qxe3 {[%clk 0:13:33]} 28. fxe3 {[%clk
0:02:43]} Rf7 {[%clk 0:13:58]} 29. Rc8+ {[%clk 0:01:51]} Rf8 {[%clk 0:14:23]} 30.
Rc2 {[%clk 0:02:03]} Rf7 {[%clk 0:14:40]} 31. b4 {[%clk 0:02:04]} g5 {[%clk
0:08:18]} 32. g4 {[%clk 0:01:30]} Rf3 {[%clk 0:07:40]} 33. Rc8+ {[%clk 0:01:12]}
Rf8 {[%clk 0:06:42]} 34. Rc3 {[%clk 0:01:38]} Kg7 {[%clk 0:06:07]} 35. Kg2 {[%clk
0:01:52]} a6 {[%clk 0:03:54]} 36. a4 {[%clk 0:01:56]} Rf7 {[%clk 0:03:28]} 37. b5
{[%clk 0:01:31]} axb5 {[%clk 0:03:40]} 38. axb5 {[%clk 0:02:00]} Rf8 {[%clk
0:02:52]} 39. Rc7+ {[%clk 0:01:57]} Rf7 {[%clk 0:03:19]} 40. b6 {[%clk 0:32:22]}
Kg8 {[%clk 0:33:04]} 41. Rc8+ {[%clk 0:27:34]} Rf8 {[%clk 0:33:05]} 42. Rc7
{[%clk 0:24:52]} Rf7 {[%clk 0:33:30]} 43. Rc1 {[%clk 0:23:27]} Rf8 {[%clk
0:29:32]} 44. Kg3 {[%clk 0:22:08]} Rf7 {[%clk 0:27:14]} 45. Rc7 {[%clk 0:20:33]}
Kg7 {[%clk 0:26:26]} 46. e4 {[%clk 0:18:38]} Kf8 {[%clk 0:05:11]} 47. exd5 {[%clk
0:18:01]} exd5 {[%clk 0:05:37]} 48. Rc8+ {[%clk 0:09:28]} Ke7 {[%clk 0:05:45]}
49. Rb8 {[%clk 0:09:48]} Ke6 {[%clk 0:05:16]} 50. Rd8 {[%clk 0:08:35]} Rf4 {[%clk
0:04:49]} 51. Rd6+ {[%clk 0:09:00]} Ke7 {[%clk 0:05:15]} 52. Rxd5 {[%clk
0:08:56]} Ke8 {[%clk 0:04:57]} 53. Rd6 {[%clk 0:07:25]} Ke7 {[%clk 0:03:08]} 54.
d5 {[%clk 0:04:07]} Re4 {[%clk 0:01:57]} 55. Re6+ {[%clk 0:04:35]} Kd7 {[%clk
0:02:08]} 56. Kf3 {[%clk 0:03:22]} Re1 {[%clk 0:02:35]} 57. Rd6+ {[%clk 0:03:43]}
Ke7 {[%clk 0:03:01]} 58. Rxh6 {[%clk 0:03:30]} Rxe5 {[%clk 0:03:27]} 59. Re6+
{[%clk 0:03:40]} Rxe6 {[%clk 0:03:52]} 60. dxe6 {[%clk 0:04:07]} Kd6 {[%clk
0:02:00]} 61. Ke3 {[%clk 0:04:26]} Ke7 {[%clk 0:02:16]} 62. Kd4 {[%clk 0:04:52]}
Kd6 {[%clk 0:02:21]} 63. e7 {[%clk 0:05:06]} Kxe7 {[%clk 0:02:47]} 64. Ke5 {[%clk
0:05:33]} Kd7 {[%clk 0:03:03]} 65. Kf5 {[%clk 0:05:59]} Kc6 {[%clk 0:03:28]} 66.
Kxg5 {[%clk 0:06:25]} Kxb6 {[%clk 0:03:54]} 67. Kf6 {[%clk 0:06:31]} 1-0

[Event "European Women's Championship"]
[Site "Vysoke Tatry"]
[Date "2018.04.13"]
[Round "6"]
[White "Pogonina, Natalija"]
[Black "Charochkina, Daria"]
[Result "1-0"]
[Board "17"]
[WhiteElo "2474"]
[WhiteTitle "WGM"]
[WhiteCountry "RUS"]
[WhiteFideId "4147855"]
[WhiteEloChange "3"]
[BlackElo "2326"]
[BlackTitle "IM"]
[BlackCountry "RUS"]
[BlackFideId "4180917"]
[BlackEloChange "-6"]

1. d4 {[%clk 1:30:57]} d5 {[%clk 1:30:47]} 2. c4 {[%clk 1:31:21]} c6 {[%clk
1:31:10]} 3. e3 {[%clk 1:31:45]} Nf6 {[%clk 1:31:24]} 4. Nc3 {[%clk 1:32:09]} e6
{[%clk 1:31:41]} 5. Nf3 {[%clk 1:32:31]} Nbd7 {[%clk 1:31:53]} 6. Be2 {[%clk
1:32:47]} Bd6 {[%clk 1:31:54]} 7. O-O {[%clk 1:32:59]} dxc4 {[%clk 1:31:17]} 8.
a4 {[%clk 1:32:53]} O-O {[%clk 1:27:08]} 9. Nd2 {[%clk 1:19:52]} e5 {[%clk
0:47:04]} 10. Nxc4 {[%clk 1:20:01]} Bc7 {[%clk 0:47:25]} 11. a5 {[%clk 1:18:40]}
e4 {[%clk 0:44:23]} 12. a6 {[%clk 1:01:17]} b5 {[%clk 0:44:43]} 13. Nd2 {[%clk
1:01:19]} Re8 {[%clk 0:42:24]} 14. f3 {[%clk 0:57:49]} exf3 {[%clk 0:41:10]} 15.
Bxf3 {[%clk 0:55:22]} Nb6 {[%clk 0:40:15]} 16. g3 {[%clk 0:44:39]} Nbd5 {[%clk
0:34:55]} 17. Nde4 {[%clk 0:41:54]} b4 {[%clk 0:24:19]} 18. Nxd5 {[%clk 0:37:22]}
Nxd5 {[%clk 0:24:41]} 19. Re1 {[%clk 0:37:29]} f5 {[%clk 0:18:06]} 20. Nf2 {[%clk
0:36:18]} Bb6 {[%clk 0:15:26]} 21. Bd2 {[%clk 0:32:34]} Be6 {[%clk 0:11:26]} 22.
Nd3 {[%clk 0:27:38]} Qd6 {[%clk 0:11:43]} 23. Rc1 {[%clk 0:25:48]} Rac8 {[%clk
0:12:01]} 24. Qa4 {[%clk 0:21:16]} Bf7 {[%clk 0:09:16]} 25. Bxb4 {[%clk 0:09:16]}
Qh6 {[%clk 0:08:03]} 26. Bd2 {[%clk 0:09:31]} Nxe3 {[%clk 0:05:21]} 27. Rxc6
{[%clk 0:08:49]} Rxc6 {[%clk 0:05:46]} 28. Bxc6 {[%clk 0:08:06]} Re7 {[%clk
0:05:35]} 29. Bf3 {[%clk 0:05:59]} Qf6 {[%clk 0:03:59]} 30. Bxe3 {[%clk 0:02:45]}
Rxe3 {[%clk 0:04:26]} 31. Rxe3 {[%clk 0:03:07]} Bxd4 {[%clk 0:04:54]} 32. Kf2
{[%clk 0:03:05]} Qb6 {[%clk 0:05:20]} 33. Qd7 {[%clk 0:01:18]} Bxe3+ {[%clk
0:05:46]} 34. Ke2 {[%clk 0:01:45]} Bg5 {[%clk 0:03:57]} 35. Qc8+ {[%clk 0:01:06]}
Qd8 {[%clk 0:02:06]} 36. Qxf5 {[%clk 0:01:23]} Bc4 {[%clk 0:02:04]} 37. Be4
{[%clk 0:01:16]} g6 {[%clk 0:01:50]} 38. Qc5 {[%clk 0:01:01]} Bxa6 {[%clk
0:01:15]} 39. Qxa7 {[%clk 0:00:44]} Bc8 {[%clk 0:00:38]} 40. Qa8 {[%clk 0:30:39]}
Kg7 {[%clk 0:30:35]} 41. Qd5 {[%clk 0:25:16]} Qe7 {[%clk 0:24:46]} 42. Kd1 {[%clk
0:10:15]} Be6 {[%clk 0:09:42]} 43. Qb7 {[%clk 0:10:27]} Qxb7 {[%clk 0:05:13]} 44.
Bxb7 {[%clk 0:10:52]} Bb3+ {[%clk 0:05:41]} 45. Ke1 {[%clk 0:10:04]} Be3 {[%clk
0:06:07]} 46. Ba6 {[%clk 0:09:39]} Kf6 {[%clk 0:05:35]} 47. Ke2 {[%clk 0:09:48]}
Bg1 {[%clk 0:05:07]} 48. Nf2 {[%clk 0:09:31]} h5 {[%clk 0:03:52]} 49. Kf1 {[%clk
0:09:40]} Bxf2 {[%clk 0:03:08]} 50. Kxf2 {[%clk 0:10:06]} g5 {[%clk 0:03:33]} 51.
Be2 {[%clk 0:06:44]} h4 {[%clk 0:03:41]} 52. Kf3 {[%clk 0:06:16]} Bd5+ {[%clk
0:03:20]} 53. Kg4 {[%clk 0:05:56]} Be6+ {[%clk 0:03:44]} 54. Kh5 {[%clk 0:06:02]}
Bf7+ {[%clk 0:03:21]} 55. Kh6 {[%clk 0:06:24]} hxg3 {[%clk 0:02:49]} 56. hxg3
{[%clk 0:06:50]} Kf5 {[%clk 0:01:49]} 57. b4 {[%clk 0:06:08]} Bd5 {[%clk
0:01:06]} 58. b5 {[%clk 0:05:48]} Bb7 {[%clk 0:00:40]} 59. b6 {[%clk 0:06:07]}
Bc6 {[%clk 0:00:42]} 60. g4+ {[%clk 0:03:22]} Kf4 {[%clk 0:01:04]} 61. Kg6 {[%clk
0:03:38]} Bb7 {[%clk 0:00:55]} 62. Kf6 {[%clk 0:03:55]} Be4 {[%clk 0:00:36]} 63.
Ke6 {[%clk 0:03:48]} Ke3 {[%clk 0:00:46]} 64. Ke5 {[%clk 0:03:46]} Bb7 {[%clk
0:01:00]} 65. Bc4 {[%clk 0:04:05]} Bc8 {[%clk 0:00:33]} 66. Bd5 {[%clk 0:04:21]}
1-0

[Event "European Women's Championship"]
[Site "Vysoke Tatry"]
[Date "2018.04.13"]
[Round "6"]
[White "Unuk, Laura"]
[Black "Cornette, Deimante"]
[Result "1-0"]
[Board "18"]
[WhiteElo "2329"]
[WhiteTitle "WIM"]
[WhiteCountry "SLO"]
[WhiteFideId "14609215"]
[WhiteEloChange "14"]
[BlackElo "2467"]
[BlackTitle "IM"]
[BlackCountry "LTU"]
[BlackFideId "12802859"]
[BlackEloChange "-7"]

1. Nf3 {[%clk 1:30:53]} Nf6 {[%clk 1:30:45]} 2. g3 {[%clk 1:31:10]} d5 {[%clk
1:27:35]} 3. Bg2 {[%clk 1:31:28]} c5 {[%clk 1:27:12]} 4. O-O {[%clk 1:30:09]} e6
{[%clk 1:25:08]} 5. d3 {[%clk 1:30:15]} Nc6 {[%clk 1:25:06]} 6. Nbd2 {[%clk
1:30:14]} g6 {[%clk 1:25:21]} 7. e4 {[%clk 1:18:18]} Bg7 {[%clk 1:24:57]} 8. Re1
{[%clk 1:16:27]} O-O {[%clk 1:24:54]} 9. c3 {[%clk 1:15:59]} b6 {[%clk 1:14:44]}
10. Nf1 {[%clk 0:55:12]} Bb7 {[%clk 0:55:34]} 11. e5 {[%clk 0:53:15]} Nd7 {[%clk
0:55:54]} 12. Bf4 {[%clk 0:53:30]} a5 {[%clk 0:42:58]} 13. h4 {[%clk 0:45:48]} a4
{[%clk 0:42:16]} 14. a3 {[%clk 0:45:49]} b5 {[%clk 0:39:42]} 15. N1h2 {[%clk
0:45:03]} Ra7 {[%clk 0:35:59]} 16. h5 {[%clk 0:35:56]} Ne7 {[%clk 0:28:50]} 17.
hxg6 {[%clk 0:25:09]} fxg6 {[%clk 0:29:07]} 18. Qd2 {[%clk 0:20:05]} Nf5 {[%clk
0:25:31]} 19. g4 {[%clk 0:19:08]} Ne7 {[%clk 0:25:55]} 20. g5 {[%clk 0:12:10]}
Nf5 {[%clk 0:25:04]} 21. Ng4 {[%clk 0:10:38]} Kf7 {[%clk 0:24:34]} 22. d4 {[%clk
0:09:52]} Rh8 {[%clk 0:22:40]} 23. Nf6 {[%clk 0:07:35]} Bc6 {[%clk 0:18:02]} 24.
Bh3 {[%clk 0:07:55]} Nf8 {[%clk 0:17:33]} 25. Kg2 {[%clk 0:06:21]} Qa5 {[%clk
0:15:58]} 26. Rh1 {[%clk 0:06:06]} Ke7 {[%clk 0:15:59]} 27. Bg4 {[%clk 0:05:27]}
Rb7 {[%clk 0:15:47]} 28. dxc5 {[%clk 0:04:23]} Qa7 {[%clk 0:12:33]} 29. Nd4
{[%clk 0:03:55]} Qxc5 {[%clk 0:11:27]} 30. Bxf5 {[%clk 0:02:51]} gxf5 {[%clk
0:11:30]} 31. Be3 {[%clk 0:03:15]} Kf7 {[%clk 0:10:22]} 32. Kg3 {[%clk 0:01:00]}
Bxf6 {[%clk 0:06:44]} 33. gxf6 {[%clk 0:01:17]} Rg8+ {[%clk 0:06:48]} 34. Kf3
{[%clk 0:00:48]} Ke8 {[%clk 0:05:57]} 35. Rh6 {[%clk 0:00:41]} Ng6 {[%clk
0:05:19]} 36. Bf4 {[%clk 0:01:08]} Nf8 {[%clk 0:04:09]} 37. Rah1 {[%clk 0:01:13]}
Qc4 {[%clk 0:03:41]} 38. Ke3 {[%clk 0:00:48]} Rg4 {[%clk 0:03:01]} 39. f3 {[%clk
0:00:58]} Rg8 {[%clk 0:02:53]} 40. R6h3 {[%clk 0:30:43]} Kd8 {[%clk 0:31:05]} 41.
Bh6 {[%clk 0:28:15]} Kc8 {[%clk 0:19:47]} 42. Bxf8 {[%clk 0:25:13]} Rxf8 {[%clk
0:20:12]} 43. Rxh7 {[%clk 0:23:55]} Rxh7 {[%clk 0:20:06]} 44. Rxh7 {[%clk
0:24:20]} Bd7 {[%clk 0:20:28]} 45. Qg2 {[%clk 0:22:42]} Rd8 {[%clk 0:19:07]} 46.
f7 {[%clk 0:21:11]} f4+ {[%clk 0:17:59]} 47. Kxf4 {[%clk 0:18:35]} Qd3 {[%clk
0:17:32]} 48. Rg7 {[%clk 0:18:47]} Qb1 {[%clk 0:14:40]} 49. Rg8 {[%clk 0:17:35]}
Qc1+ {[%clk 0:14:54]} 50. Kg4 {[%clk 0:17:16]} Qh6 {[%clk 0:14:54]} 51. Qh3
{[%clk 0:17:24]} 1-0

[Event "European Women's Championship"]
[Site "Vysoke Tatry"]
[Date "2018.04.13"]
[Round "6"]
[White "Javakhishvili, Lela"]
[Black "Doluhanova, Evgeniya"]
[Result "1-0"]
[Board "19"]
[WhiteElo "2467"]
[WhiteTitle "IM"]
[WhiteCountry "GEO"]
[WhiteFideId "13601458"]
[WhiteEloChange "3"]
[BlackElo "2304"]
[BlackTitle "WGM"]
[BlackCountry "UKR"]
[BlackFideId "14112035"]
[BlackEloChange "-6"]

1. d4 {[%clk 1:30:56]} Nf6 {[%clk 1:30:37]} 2. c4 {[%clk 1:31:12]} e6 {[%clk
1:30:47]} 3. Nf3 {[%clk 1:31:30]} d5 {[%clk 1:30:05]} 4. Nc3 {[%clk 1:31:29]} Bb4
{[%clk 1:30:20]} 5. g3 {[%clk 1:31:48]} c5 {[%clk 1:26:50]} 6. Bg2 {[%clk
1:31:43]} Ne4 {[%clk 1:21:11]} 7. O-O {[%clk 1:29:07]} Nc6 {[%clk 1:14:05]} 8.
cxd5 {[%clk 1:17:56]} exd5 {[%clk 1:12:40]} 9. dxc5 {[%clk 1:15:29]} Nxc3 {[%clk
1:10:17]} 10. bxc3 {[%clk 1:15:49]} Bxc3 {[%clk 1:05:06]} 11. Bg5 {[%clk
1:04:20]} Qa5 {[%clk 1:04:10]} 12. Rc1 {[%clk 1:03:23]} Be6 {[%clk 0:47:39]} 13.
Qc2 {[%clk 0:56:55]} d4 {[%clk 0:46:21]} 14. e3 {[%clk 0:55:20]} Nb4 {[%clk
0:31:06]} 15. Qe4 {[%clk 0:52:17]} Nxa2 {[%clk 0:22:07]} 16. Rb1 {[%clk 0:44:39]}
Qxc5 {[%clk 0:12:34]} 17. Qxb7 {[%clk 0:29:35]} Bd5 {[%clk 0:11:57]} 18. exd4
{[%clk 0:27:20]} Bxb7 {[%clk 0:08:53]} 19. dxc5 {[%clk 0:27:48]} Be4 {[%clk
0:05:44]} 20. Rb3 {[%clk 0:25:23]} Bd5 {[%clk 0:04:39]} 21. Ra3 {[%clk 0:21:46]}
Rc8 {[%clk 0:03:34]} 22. Nd2 {[%clk 0:18:56]} Be6 {[%clk 0:01:05]} 23. Ne4 {[%clk
0:17:27]} Be5 {[%clk 0:01:25]} 24. Nd6+ {[%clk 0:15:35]} Bxd6 {[%clk 0:01:43]}
25. cxd6 {[%clk 0:16:04]} a6 {[%clk 0:01:04]} 26. Rxa6 {[%clk 0:13:55]} Nb4
{[%clk 0:01:02]} 27. Ra7 {[%clk 0:13:08]} f6 {[%clk 0:00:58]} 28. Bd2 {[%clk
0:12:46]} 1-0